Vista normal Vista MARC

Entrada Topical Term

Número de registros utilizados en: 1

001 - CONTROL NUMBER

  • control field: 40300

003 - CONTROL NUMBER IDENTIFIER

  • control field: OSt

005 - DATE AND TIME OF LATEST TRANSACTION

  • control field: 20210913132601.0

008 - FIXED-LENGTH DATA ELEMENTS

  • fixed length control field: 210913|| aca||aabn | a|a d

040 ## - CATALOGING SOURCE

  • Original cataloging agency: OSt
  • Transcribing agency: OSt

150 ## - HEADING--TOPICAL TERM

  • Topical term or geographic name entry element: Política petrolera
  • General subdivision: Congresos, conferencias
  • Geographic subdivision: Colombia

670 ## - SOURCE DATA FOUND

  • Source citation: Work cat.: (OSt)12420: Foro en blanco y negro, petróleo para la paz Barrancabermeja) ( 1999 : 40298, Memoria del Foro en blanco y negro, petróleo para la paz /, 1999.